LEADER 00930cam0-2200313 --450 001 9910674901303321 005 20230324111007.0 010 $a88-8427-199-1 100 $a20230324d2005----kmuy0itay5050 ba 101 1 $aita$cfre 102 $aIT 105 $ay 001yy 200 1 $aMusulmani in Occidente$fJocelyne Cesari$gprefazione di Umberto Croppi 210 $aFirenze$cVallecchi$d2005 215 $a282 p.$d23 cm 225 1 $aFuori luogo 300 $aTrad. di Paolo Fontana 454 0$12001$a<>islam à l'épreuve de l'Occident$93071723 610 0 $aMusulmani$aPaesi occidentali 676 $a305.697$v23$zita 700 1$aCesari,$bJocelyne$0659908 702 1$aCroppi,$bUmberto 801 0$aIT$bUNINA$gREICAT$2UNIMARC 901 $aBK 912 $a9910674901303321 952 $aXIV M 785$b215/2023$fFSPBC 959 $aFSPBC 996 $aIslam à l'épreuve de l'Occident$93071723 997 $aUNINA